LEADERSHIP: ENHANCING THE LESSONS (Record no. 2700)
[ view plain ]
| 000 -LEADER | |
|---|---|
| fixed length control field | 00364nam a2200157Ia 4500 |
| 003 - CONTROL NUMBER IDENTIFIER | |
| control field | OSt |
| 005 - DATE AND TIME OF LATEST TRANSACTION | |
| control field | 20240118124909.0 |
| 008 - FIXED-LENGTH DATA ELEMENTS--GENERAL INFORMATION | |
| fixed length control field | 170524s9999 xx 000 0 und d |
| 020 ## - INTERNATIONAL STANDARD BOOK NUMBER | |
| International Standard Book Number | 0070080712 |
| 040 ## - CATALOGING SOURCE | |
| Transcribing agency | iimt university meerut |
| 100 ## - MAIN ENTRY--PERSONAL NAME | |
| Personal name | HUGHES- RICHARD |
| 100 ## - MAIN ENTRY--PERSONAL NAME | |
| Titles and words associated with a name | 2011 |
| 245 #0 - TITLE STATEMENT | |
| Title | LEADERSHIP: ENHANCING THE LESSONS |
| 260 ## - PUBLICATION, DISTRIBUTION, ETC. | |
| Place of publication, distribution, etc. | TMH |
| 942 ## - ADDED ENTRY ELEMENTS (KOHA) | |
| Source of classification or shelving scheme | |
| Koha item type | Book Bank |
| Withdrawn status | Lost status | Source of classification or shelving scheme | Damaged status | Not for loan | Home library | Current library | Date acquired | Barcode | Date last seen | Uniform Resource Identifier | Price effective from | Koha item type | Public note |
|---|---|---|---|---|---|---|---|---|---|---|---|---|---|
| IIMT University Central Library Meerut | IIMT University Central Library Meerut | 05/31/2017 | 01-B-20717 | 05/31/2017 | MANAGEMENT | 05/31/2017 | Book Bank | ||||||
| IIMT University Central Library Meerut | IIMT University Central Library Meerut | 05/31/2017 | 01-B-20718 | 05/31/2017 | MANAGEMENT | 05/31/2017 | Book Bank | ||||||
| IIMT University Central Library Meerut | IIMT University Central Library Meerut | 05/31/2017 | 01-B-20719 | 05/31/2017 | MANAGEMENT | 05/31/2017 | Book Bank | ||||||
| IIMT University Central Library Meerut | IIMT University Central Library Meerut | 05/31/2017 | 01-B-20720 | 05/31/2017 | MANAGEMENT | 05/31/2017 | Book Bank | ||||||
| IIMT University Central Library Meerut | IIMT University Central Library Meerut | 05/31/2017 | 01-B-20721 | 05/31/2017 | MANAGEMENT | 05/31/2017 | Book Bank | ||||||
| IIMT University Central Library Meerut | IIMT University Central Library Meerut | 05/31/2017 | 01-B-20722 | 05/31/2017 | MANAGEMENT | 05/31/2017 | Book Bank | ||||||
| IIMT University Central Library Meerut | IIMT University Central Library Meerut | 05/31/2017 | 01-B-20723 | 05/31/2017 | MANAGEMENT | 05/31/2017 | Book Bank | ||||||
| IIMT University Central Library Meerut | IIMT University Central Library Meerut | 05/31/2017 | 01-B-20724 | 05/31/2017 | MANAGEMENT | 05/31/2017 | Book Bank | ||||||
| IIMT University Central Library Meerut | IIMT University Central Library Meerut | 05/31/2017 | 01-B-20725 | 05/31/2017 | MANAGEMENT | 05/31/2017 | Book Bank | ||||||
| IIMT University Central Library Meerut | IIMT University Central Library Meerut | 05/31/2017 | 01-B-20726 | 05/31/2017 | MANAGEMENT | 05/31/2017 | Book Bank |

